<?xml version="1.0" encoding="UTF-8"?>
<record
    xmlns:xsi="http://www.w3.org/2001/XMLSchema-instance"
    xsi:schemaLocation="http://www.loc.gov/MARC21/slim http://www.loc.gov/standards/marcxml/schema/MARC21slim.xsd"
    xmlns="http://www.loc.gov/MARC21/slim">

  <leader>     nam a22     7a 4500</leader>
  <datafield tag="999" ind1=" " ind2=" ">
    <subfield code="c">152303</subfield>
    <subfield code="d">152301</subfield>
  </datafield>
  <controlfield tag="005">20191029104818.0</controlfield>
  <controlfield tag="008">191022b         fr||||| |||| 00| 0 fre d</controlfield>
  <datafield tag="050" ind1="0" ind2="4">
    <subfield code="a">KJV447.7</subfield>
    <subfield code="b">P53 1928</subfield>
  </datafield>
  <datafield tag="100" ind1="1" ind2=" ">
    <subfield code="a">Planiol, Marcel</subfield>
  </datafield>
  <datafield tag="245" ind1="1" ind2="0">
    <subfield code="a">Traite elementaire de droit civil : conforme au programme officiel des facultes de droit /</subfield>
    <subfield code="c">Marcel Planiol ; collaboration Georges Ripert.</subfield>
  </datafield>
  <datafield tag="250" ind1=" " ind2=" ">
    <subfield code="a">11 ed.</subfield>
  </datafield>
  <datafield tag="260" ind1=" " ind2=" ">
    <subfield code="c">Paris : </subfield>
    <subfield code="a">Librairie g&#xE9;n&#xE9;rale de Droit &amp; De Jurisprudence, </subfield>
    <subfield code="b">1928</subfield>
  </datafield>
  <datafield tag="300" ind1=" " ind2=" ">
    <subfield code="a">3 v. ;</subfield>
    <subfield code="c">23 cm.</subfield>
  </datafield>
  <datafield tag="505" ind1="0" ind2=" ">
    <subfield code="t">V.1. -- Principes generaux, les personnes, la famille, les incapables, les bienes.</subfield>
    <subfield code="t">V.2. -- Les preuves, theorie generale des obligators, les contrats, les privileges, et les hypotheques.</subfield>
    <subfield code="t">V.3. -- Les regimes matrimoniaux, les successions, les donations et les testaments.</subfield>
  </datafield>
  <datafield tag="650" ind1=" " ind2="7">
    <subfield code="a">Derecho Civil</subfield>
    <subfield code="x">Francia</subfield>
    <subfield code="2">lemb</subfield>
  </datafield>
  <datafield tag="650" ind1=" " ind2="7">
    <subfield code="a">Procedimiento Civil</subfield>
    <subfield code="x">Francia</subfield>
    <subfield code="2">lemb</subfield>
  </datafield>
  <datafield tag="700" ind1="1" ind2=" ">
    <subfield code="a">Riperts, Georges,</subfield>
    <subfield code="e">colaborador</subfield>
  </datafield>
  <datafield tag="942" ind1=" " ind2=" ">
    <subfield code="2">lcc</subfield>
    <subfield code="c">LIB</subfield>
  </datafield>
  <datafield tag="952" ind1=" " ind2=" ">
    <subfield code="1">0</subfield>
    <subfield code="2">lcc</subfield>
    <subfield code="4">0</subfield>
    <subfield code="7">0</subfield>
    <subfield code="a">DEP-054</subfield>
    <subfield code="b">DEP-054</subfield>
    <subfield code="c">GENERAL</subfield>
    <subfield code="d">2019-10-22</subfield>
    <subfield code="e">DON</subfield>
    <subfield code="f">11a ed.</subfield>
    <subfield code="h">1</subfield>
    <subfield code="k">CSA</subfield>
    <subfield code="o">KJJ1231 P53 1928</subfield>
    <subfield code="p">BUPB000000434</subfield>
    <subfield code="r">2019-10-22 00:00:00</subfield>
    <subfield code="t">1</subfield>
    <subfield code="v">1.00</subfield>
    <subfield code="y">LIB</subfield>
  </datafield>
</record>
